Central Library OPAC University of Rajshahi

Rings and modules / (Record no. 7647)

MARC details
000 -LEADER
fixed length control field 00796cam a2200265 4500
001 - CONTROL NUMBER
control field 7647
003 - CONTROL NUMBER IDENTIFIER
rucl marc code BD-RjUL
005 - DATE AND TIME OF LATEST TRANSACTION
control field 20211208234441.0
008 - FIXED-LENGTH DATA ELEMENTS--GENERAL INFORMATION
fixed length control field 140115s1969 nyua b 001 0 eng
020 ## - INTERNATIONAL STANDARD BOOK NUMBER
International Standard Book Number 0470718056
035 ## - SYSTEM CONTROL NUMBER
System control number (BD-RjUL)7691
040 ## - CATALOGING SOURCE
Original cataloging agency DLC
Transcribing agency DLC
Modifying agency DLC
-- BD-RjUL
Language of cataloging eng
041 ## - LANGUAGE CODE
Language code of text/sound track or separate title eng
082 00 - DEWEY DECIMAL CLASSIFICATION NUMBER
Classification number 512.815
Author mark and year RIR 1969
100 1# - MAIN ENTRY--PERSONAL NAME
Personal name Ribenboim, Paulo.
9 (RLIN) 23850
245 10 - TITLE STATEMENT
Title Rings and modules /
Statement of responsibility, etc. Paulo Ribenboim.
260 ## - PUBLICATION, DISTRIBUTION, ETC. (IMPRINT)
Place of publication, distribution, etc. New York :
Name of publisher, distributor, etc. Interscience Publishers,
Date of publication, distribution, etc. c1969.
300 ## - PHYSICAL DESCRIPTION
Pagination vii, 162 p. :
Illustrations ill. ;
Size 23 cm.
504 ## - BIBLIOGRAPHY, ETC. NOTE
Bibliography, etc Includes Bibliography and index.
650 #0 - SUBJECT ADDED ENTRY--TOPICAL TERM
Topical term or geographic name as entry element Rings (Algebra).
9 (RLIN) 21134
Topical term or geographic name as entry element Modules (Algebra).
9 (RLIN) 22079
942 ## - ADDED ENTRY ELEMENTS (KOHA)
Source of classification or shelving scheme Dewey Decimal Classification
Koha item type Books
Holdings
Lost status Source of classification or shelving scheme Damaged status Not for loan Collection code Permanent Location Current Location Shelving location Date acquired Source of acquisition Cost, normal purchase price Total Checkouts Full call number Date last seen Copy number Koha item type
  Dewey Decimal Classification     Non-fiction Central Library, University of Rajshahi Central Library, University of Rajshahi   13/12/1974 Jonathon Wren & Co. 7.10   512.815 RIR 1969 15/01/2014 C-6 Books
  Dewey Decimal Classification     Non-fiction Central Library, University of Rajshahi Central Library, University of Rajshahi   13/12/1974 Jonathon Wren & Co. 7.10   512.815 RIR 1969 29/08/2016 C-2 Books
  Dewey Decimal Classification     Non-fiction Central Library, University of Rajshahi Central Library, University of Rajshahi   13/12/1974 Jonathon Wren & Co. 7.10   512.815 RIR 1969 29/08/2016 C-3 Books
  Dewey Decimal Classification     Non-fiction Central Library, University of Rajshahi Central Library, University of Rajshahi   13/12/1974 Jonathon Wren & Co. 7.10   512.815 RIR 1969 29/08/2016 C-4 Books
  Dewey Decimal Classification     Non-fiction Central Library, University of Rajshahi Central Library, University of Rajshahi   29/12/1973 U. S.Govt.     512.815 RIR 1969 06/11/2016 C-5 Books
  Dewey Decimal Classification   Not For Loan Non-fiction Central Library, University of Rajshahi Central Library, University of Rajshahi Reading Room 29/12/1973 U.S.Govt.     512.815 RIR 1969 13/04/2017 C-1 Books